000 00576nam a22002171c 4500
001 a987662524
008 081125s1989 gw |||| 000u eng d
041 _aeng
245 0 0 _aReform in Russia and the USSR :
_bpast and prospects
264 _aUrbana [u.a.] :
_bUniversity of Illinois,
_c1989
300 _a318 S.
650 0 _aKonstitutionalismus
650 0 _aSowjetunion
650 0 _aTauwetter
650 0 _aPerestrojka
650 0 _aGroße Reformen
700 1 _aCrummey, Robert O.
_eHerausgeberIn
942 _cMG
040 _cRU-10907106
003 RU-10907106
999 _c17696
_d17696